[Event "Goch op 19th"]
[Site "Goch"]
[Date "2008.10.11"]
[Round "4"]
[White "Nowik, Volker"]
[Black "Bondarchuk, Vadim"]
[Result "1-0"]
[WhiteElo "2173"]
[BlackElo "1993"]
[PlyCount "42"]
[EventDate "2008.10.09"]
[EventType "swiss"]
[EventRounds "7"]
[EventCountry "GER"]
[SourceTitle "EXT 2011"]
[Source "ChessBase"]
[SourceDate "2010.11.26"]
[SourceVersion "1"]
[SourceVersionDate "2010.11.26"]
[SourceQuality "1"]

1. e4 d5 2. exd5 Qxd5 3. Nc3 Qa5 4. d4 Bf5 5. Nf3 Nf6 6. Bd2 e6 7. Ne5 c6 8. g4 Bg6 9. h4 h6 10. Nxg6 fxg6 11. Bd3 Qb6 12. Qe2 Kf7 13. h5 gxh5 14. gxh5 Qxd4 15. Bg6+ Ke7 16. 0-0-0 Nbd7 17. Rhe1 Qg4 18. f3 Qh3 19. Bf4 Nxh5 20. Bxh5 Qxh5 21. Qxe6+ Kd8 1-0

[Event "Goch op 19th"]
[Site "Goch"]
[Date "2008.10.11"]
[Round "5"]
[White "Van der Valk, Niklas"]
[Black "Nowik, Volker"]
[Result "0-1"]
[WhiteElo "2057"]
[BlackElo "2173"]
[PlyCount "86"]
[EventDate "2008.10.09"]
[EventType "swiss"]
[EventRounds "7"]
[EventCountry "GER"]
[SourceTitle "EXT 2011"]
[Source "ChessBase"]
[SourceDate "2010.11.26"]
[SourceVersion "1"]
[SourceVersionDate "2010.11.26"]
[SourceQuality "1"]

1. Nf3 g6 2. c4 Bg7 3. g3 d6 4. Bg2 Nf6 5. 0-0 0-0 6. Nc3 e5 7. d3 h6 8. Rb1 a5 9. a3 Nc6 10. b4 axb4 11. axb4 Be6 12. Nd2 Rb8 13. Nd5 Ne8 14. b5 Ne7 15. Qb3 f5 16. Bb2 g5 17. Ra1 Ng6 18. Ra7 Kh8 19. Nb4 Qc8 20. Qa3 f4 21. Ra1 Nf6 22. Nb3 Bh3 23. Bh1 Qf5 24. Rxb7 Rxb7 25. Bxb7 fxg3 26. hxg3 Nh5 27. f3 Nxg3 28. Kf2 Qf4 29. Ke1 Qe3 30. Nc1 Nh4 31. Qa7 Ng2+ 32. Kd1 Nf1 33. Qxe3 Ngxe3+ 34. Ke1 Bg2 35. Ra8 h5 36. Rxf8+ Bxf8 37. Kf2 h4 38. Nd5 h3 39. Nxe3 Nxe3 40. Kg1 g4 41. fxg4 Bxb7 42. Kh2 Bg2 43. c5 Bh6 0-1

[Event "Niederrhein-ch"]
[Site "Krefeld"]
[Date "2007.04.03"]
[Round "5"]
[White "Nowik, Volker"]
[Black "Goerke, Joachim"]
[Result "1-0"]
[WhiteElo "2092"]
[BlackElo "2099"]
[PlyCount "97"]
[EventDate "2007.03.30"]
[EventType "swiss"]
[EventRounds "9"]
[EventCountry "GER"]
[SourceTitle "EXT 2010"]
[Source "ChessBase"]
[SourceDate "2010.11.25"]
[SourceVersion "1"]
[SourceVersionDate "2010.11.25"]
[SourceQuality "1"]

1. Nf3 d5 2. g3 e6 3. Bg2 c5 4. c4 Nc6 5. 0-0 Nf6 6. d3 Be7 7. cxd5 exd5 8. b3 0-0 9. Bb2 Bg4 10. h3 Bf5 11. Nh4 Be6 12. Nd2 Qd7 13. Kh2 d4 14. Nhf3 Rac8 15. a3 Nd5 16. Re1 Rfd8 17. Rc1 f5 18. e3 Bf6 19. e4 Nc3 20. Qc2 fxe4 21. Nxe4 Nxe4 22. Rxe4 Na5 23. Nd2 Bf5 24. Qd1 Bxe4 25. Bxe4 Qf7 26. f4 b5 27. b4 c4 28. bxa5 c3 29. Rc2 cxb2 30. Rxb2 Qc7 31. Qh5 g6 32. Qxb5 Rb8 33. Bb7 Kg7 34. a6 Rd6 35. Nc4 Re6 36. Kg2 Qe7 37. Rf2 Re1 38. Qb4 Rc1 39. Na5 Qc7 40. Qd2 Rc3 41. Nc4 Be7 42. h4 Bxa3 43. f5 Bc1 44. Qe2 Rxb7 45. f6+ Kf8 46. Qe7+ Qxe7 47. fxe7+ Kxe7 48. axb7 Rb3 49. Na5 1-0

[Event "Niederrhein-ch"]
[Site "Krefeld"]
[Date "2007.04.01"]
[Round "3"]
[White "Nowik, Volker"]
[Black "Visser, Dirk"]
[Result "1/2-1/2"]
[WhiteElo "2092"]
[BlackElo "2030"]
[PlyCount "80"]
[EventDate "2007.03.30"]
[EventType "swiss"]
[EventRounds "9"]
[EventCountry "GER"]
[SourceTitle "EXT 2010"]
[Source "ChessBase"]
[SourceDate "2010.11.25"]
[SourceVersion "1"]
[SourceVersionDate "2010.11.25"]
[SourceQuality "1"]

1. e4 d6 2. d4 Nf6 3. Nc3 g6 4. f4 Bg7 5. Nf3 0-0 6. Bd3 Na6 7. 0-0 c5 8. d5 Rb8 9. f5 Nb4 10. Be2 b5 11. a3 Na6 12. fxg6 hxg6 13. Ng5 c4 14. Qe1 Nh7 15. Qh4 Nxg5 16. Bxg5 Rb7 17. Rf3 b4 18. Nd1 Qc7 19. axb4 Nxb4 20. c3 Nd3 21. Bxd3 cxd3 22. Rxd3 Qc5+ 23. Be3 Qc4 24. Rd2 a6 25. Bd4 Bxd4+ 26. Rxd4 Qe2 27. Qf2 Bg4 28. h3 Qxf2+ 29. Nxf2 Be2 30. Rd2 Bc4 31. Ng4 Ra8 32. b4 Rc7 33. Ne3 Rac8 34. Ra3 Kg7 35. Kf2 Bb5 36. Nd1 Kf6 37. Ke3 Ke5 38. g4 f5 39. exf5 gxf5 40. g5 Rh8 1/2-1/2

[Event "Cologne-ch"]
[Site "Cologne"]
[Date "2006.03.04"]
[Round "3"]
[White "Khanukov, Boris"]
[Black "Nowik, Volker"]
[Result "1/2-1/2"]
[WhiteElo "2358"]
[BlackElo "2177"]
[PlyCount "24"]
[EventDate "2006.02.27"]
[EventType "swiss"]
[EventRounds "7"]
[EventCountry "GER"]
[SourceTitle "EXT 2007"]
[Source "ChessBase"]
[SourceDate "2006.11.23"]
[SourceVersion "1"]
[SourceVersionDate "2006.11.23"]
[SourceQuality "1"]

1. c4 Nf6 2. Nc3 g6 3. Nf3 Bg7 4. g3 0-0 5. Bg2 c5 6. 0-0 Nc6 7. d3 d6 8. a3 a6 9. Rb1 Rb8 10. b4 cxb4 11. axb4 b5 12. cxb5 axb5 1/2-1/2

[Event "Duesseldorf-ch"]
[Site "Duesseldorf"]
[Date "2004.10.13"]
[Round "3"]
[White "Nowik, Volker"]
[Black "Von Buenau, Heinrich"]
[Result "0-1"]
[WhiteElo "2104"]
[BlackElo "2052"]
[PlyCount "80"]
[EventDate "2004.09.29"]
[EventType "swiss"]
[EventRounds "7"]
[EventCountry "GER"]
[SourceTitle "EXT 2006"]
[Source "ChessBase"]
[SourceDate "2005.11.24"]
[SourceVersion "1"]
[SourceVersionDate "2005.11.24"]
[SourceQuality "1"]

1. Nf3 c5 2. g3 b6 3. Bg2 Bb7 4. 0-0 e6 5. d3 Nf6 6. Nbd2 d5 7. e4 Be7 8. Re1 Nc6 9. c3 dxe4 10. dxe4 Qc7 11. Qe2 0-0 12. Nc4 Ba6 13. e5 Nd7 14. Bf4 Na5 15. b3 Nxc4 16. bxc4 Bb7 17. h4 Rfd8 18. h5 h6 19. g4 Nf8 20. g5 hxg5 21. Nxg5 Bxg2 22. Kxg2 Qd7 23. Rad1 Qa4 24. h6 gxh6 25. Ne4 Ng6 26. Bg3 Rxd1 27. Rxd1 Rd8 28. Rh1 Bg5 29. Nxg5 hxg5 30. Qg4 Qc2 31. Qxg5 Qe4+ 32. Kh2 Rd3 33. Rg1 Qxc4 34. Bh4 Qxc3 35. Rg3 Rxg3 36. Bxg3 Qd3 37. Qg4 c4 38. Bh4 Qf5 39. Qxc4 Nxh4 40. Qxh4 Qh7 0-1

[Event "Leverkusen op"]
[Site "Leverkusen"]
[Date "2004.05.03"]
[Round "9"]
[White "Marcks, Martin"]
[Black "Nowik, Volker"]
[Result "1/2-1/2"]
[WhiteElo "2222"]
[BlackElo "2164"]
[PlyCount "86"]
[EventDate "2004.01.12"]
[EventType "swiss"]
[EventRounds "9"]
[EventCountry "GER"]
[SourceTitle "EXT 2006"]
[Source "ChessBase"]
[SourceDate "2005.11.24"]
[SourceVersion "1"]
[SourceVersionDate "2005.11.24"]
[SourceQuality "1"]

1. e4 d6 2. d4 g6 3. Nc3 Bg7 4. Be3 Nd7 5. Qd2 c6 6. Nf3 h6 7. h3 a6 8. a4 b6 9. Bc4 e6 10. 0-0 Bb7 11. Bf4 Ndf6 12. Rfe1 d5 13. exd5 cxd5 14. Bd3 Ne7 15. Ne5 g5 16. Bh2 Kf8 17. Qe2 Qc8 18. f4 Nc6 19. fxg5 hxg5 20. Qf2 Ra7 21. Rf1 Ba8 22. Rae1 Qd8 23. Nxc6 Bxc6 24. Be5 Rh6 25. Qg3 Nh5 26. Qg4 Kg8 27. Bxg7 Nxg7 28. Re5 f5 29. Qe2 g4 30. Qe3 Qh4 31. Rf4 Rg6 32. hxg4 Rxg4 33. Rxg4 fxg4 34. Qg5 Qg3 35. Bg6 Ra8 36. Qe7 Rf8 37. Rh5 Qf2+ 38. Kh2 Qf4+ 39. Kg1 Qxd4+ 40. Kh2 Qf4+ 41. Kg1 Qf2+ 42. Kh2 Qf4+ 43. Kh1 Qf1+ 1/2-1/2

[Event "Leverkusen op"]
[Site "Leverkusen"]
[Date "2004.04.16"]
[Round "8"]
[White "Nowik, Volker"]
[Black "Sondermann, Johannes"]
[Result "1-0"]
[WhiteElo "2164"]
[BlackElo "2126"]
[PlyCount "78"]
[EventDate "2004.01.12"]
[EventType "swiss"]
[EventRounds "9"]
[EventCountry "GER"]
[SourceTitle "EXT 2006"]
[Source "ChessBase"]
[SourceDate "2005.11.24"]
[SourceVersion "1"]
[SourceVersionDate "2005.11.24"]
[SourceQuality "1"]

1. Nf3 Nf6 2. g3 g6 3. Bg2 Bg7 4. 0-0 0-0 5. d3 d5 6. Nbd2 c5 7. e4 Nc6 8. c3 e6 9. Re1 b5 10. Nf1 b4 11. e5 Nd7 12. d4 a5 13. h4 f6 14. Bf4 bxc3 15. bxc3 cxd4 16. cxd4 fxe5 17. Nxe5 Ndxe5 18. dxe5 Ba6 19. a3 Bxf1 20. Kxf1 Rxf4 21. gxf4 Qxh4 22. Bxd5 Rd8 23. Bxe6+ Kh8 24. Qg4 Qh1+ 25. Qg1 Qf3 26. Qg2 Qd3+ 27. Kg1 Nd4 28. Bg4 h5 29. Re3 Qb5 30. Rh3 Kg8 31. Bf3 Ne6 32. Rh4 Nxf4 33. Qg5 Ne6 34. Qxg6 Qxe5 35. Rb1 Nf4 36. Qg3 Rd4 37. Kh1 Qf6 38. Rh2 Ne6 39. Rxh5 Nf8 1-0

[Event "Niederrhein-ch"]
[Site "Hilden"]
[Date "2004.04.07"]
[Round "6"]
[White "Lemanczyk, Thomas"]
[Black "Nowik, Volker"]
[Result "0-1"]
[WhiteElo "2198"]
[BlackElo "2008"]
[PlyCount "76"]
[EventDate "2004.04.02"]
[EventType "swiss"]
[EventRounds "9"]
[EventCountry "GER"]
[SourceTitle "EXT 2005"]
[Source "ChessBase"]
[SourceDate "2004.11.15"]
[SourceVersion "1"]
[SourceVersionDate "2004.11.15"]
[SourceQuality "1"]

1. d4 d6 2. e4 g6 3. c4 Bg7 4. Nc3 Nf6 5. f3 0-0 6. Nge2 Nc6 7. d5 Na5 8. Ng3 c5 9. Be3 a6 10. Be2 e6 11. a4 exd5 12. cxd5 Nd7 13. Rc1 Qb6 14. Rb1 Qb4 15. 0-0 Nb3 16. f4 Bd4 17. Bxd4 cxd4 18. Na2 Qb6 19. Kh1 Ndc5 20. Bc4 Bd7 21. f5 Bxa4 22. Qg4 Nd7 23. f6 Qd8 24. Qg5 Kh8 25. Rbe1 Re8 26. Nb4 Re5 27. Qf4 Nbc5 28. Nd3 Nxd3 29. Bxd3 Nc5 30. Bb1 Bb3 31. Qh6 Qf8 32. Qd2 Bc4 33. Rf3 Rae8 34. Rg1 d3 35. Qb4 Bb5 36. Re1 h5 37. Rf4 Qh6 38. Qd2 Nxe4 0-1

[Event "Leverkusen op"]
[Site "Leverkusen"]
[Date "2004.02.16"]
[Round "4"]
[White "Henseler, Klaus"]
[Black "Nowik, Volker"]
[Result "0-1"]
[WhiteElo "1899"]
[BlackElo "2164"]
[PlyCount "82"]
[EventDate "2004.01.12"]
[EventType "swiss"]
[EventRounds "9"]
[EventCountry "GER"]
[SourceTitle "EXT 2006"]
[Source "ChessBase"]
[SourceDate "2005.11.24"]
[SourceVersion "1"]
[SourceVersionDate "2005.11.24"]
[SourceQuality "1"]

1. c4 g6 2. Nc3 Bg7 3. g3 d6 4. Bg2 Nc6 5. e4 e5 6. Nge2 Nge7 7. 0-0 0-0 8. d3 h6 9. Be3 Be6 10. Qd2 Kh7 11. f4 Qd7 12. Nd5 f5 13. Rac1 Nd4 14. Nxe7 Nxe2+ 15. Qxe2 Qxe7 16. Qd2 Rad8 17. Rc2 c5 18. Qc1 Bf7 19. Rcf2 Be8 20. Kh1 Bc6 21. Qc2 Rde8 22. exf5 Bxg2+ 23. Rxg2 gxf5 24. fxe5 dxe5 25. b4 b6 26. bxc5 bxc5 27. Qa4 Rc8 28. Qb5 Qd6 29. Rgf2 Qxd3 30. Bxc5 Qe4+ 31. Kg1 Rf7 32. Bd6 Rxc4 33. Qe8 Rb7 34. Bf8 f4 35. g4 Bxf8 36. Qxf8 Rg7 37. Rg2 Rc2 38. Rff2 Qe1+ 39. Rf1 Rxg2+ 40. Kxg2 Qe2+ 41. Rf2 Qxg4+ 0-1

[Event "Solingen-ch"]
[Site "Solingen"]
[Date "2003.06.09"]
[Round "6"]
[White "Nowik, Volker"]
[Black "Lambertz, Michael"]
[Result "1-0"]
[WhiteElo "2181"]
[BlackElo "1982"]
[PlyCount "31"]
[EventDate "2003.06.06"]
[EventType "swiss"]
[EventRounds "7"]
[EventCountry "GER"]
[SourceTitle "CBM 094 Extra"]
[Source "ChessBase"]
[SourceDate "2003.07.09"]
[SourceVersion "2"]
[SourceVersionDate "2003.07.09"]
[SourceQuality "1"]

1. e4 e6 2. d3 d5 3. Nd2 Nf6 4. Ngf3 b6 5. Be2 dxe4 6. dxe4 Bb7 7. Bb5+ Nbd7 8. Ne5 Bd6 9. Ndc4 Bxe4 10. Nxd7 Nxd7 11. Qd4 Bxc2 12. Nxd6+ cxd6 13. Qxg7 Rf8 14. Bh6 Qe7 15. Qxf8+ Qxf8 16. Bxf8 1-0

[Event "Essen Easter op 9th"]
[Site "Essen"]
[Date "2003.04.20"]
[Round "7"]
[White "Nowik, Volker"]
[Black "Peschlow, Patrick"]
[Result "1-0"]
[WhiteElo "2181"]
[BlackElo "2231"]
[PlyCount "125"]
[EventDate "2003.04.16"]
[EventType "swiss"]
[EventRounds "9"]
[EventCountry "GER"]
[SourceTitle "CBM 093 Extra"]
[Source "ChessBase"]
[SourceDate "2003.05.09"]
[SourceVersion "1"]
[SourceVersionDate "2003.05.09"]
[SourceQuality "1"]

1. e4 e6 2. d3 d5 3. Nd2 Nf6 4. Ngf3 b6 5. Be2 c5 6. 0-0 Bb7 7. Re1 Be7 8. c3 Nc6 9. e5 Nd7 10. d4 Rc8 11. a3 a5 12. Bd3 Rc7 13. Nf1 Qc8 14. Ng3 Ba6 15. Bb1 b5 16. Nh5 Bf8 17. Be3 cxd4 18. cxd4 a4 19. Nh4 g6 20. Nf6+ Nxf6 21. exf6 Na5 22. Bf4 Nb3 23. Bxc7 Qxc7 24. Ra2 Qc4 25. Nf3 Bh6 26. Bd3 Qc1 27. Qc2 Qxc2 28. Bxc2 Na5 29. Ne5 Bg5 30. Nd3 Nc6 31. Nc5 Nxd4 32. b4 axb3 33. Bxb3 Nxb3 34. Nxb3 Bxf6 35. Nc5 Bc8 36. Rb1 Bd7 37. Nxd7 Kxd7 38. Rxb5 Kc6 39. a4 Bc3 40. Kf1 Ra8 41. Rb3 d4 42. Ke2 e5 43. Kd3 f5 44. Kc4 e4 45. Rb5 f4 46. a5 e3 47. fxe3 fxe3 48. Re5 Kd6 49. Rd5+ Kc6 50. a6 Ra7 51. Re5 Kd6 52. Re8 Kd7 53. Re4 Kd6 54. h3 Kc6 55. g4 Kd6 56. Kb5 Kd5 57. Re8 Bd2 58. Kb6 Rf7 59. a7 Rxa7 60. Rxa7 d3 61. Kb5 Kd4 62. Rd7+ Kc3 63. Rc8+ 1-0

[Event "Essen Easter op 9th"]
[Site "Essen"]
[Date "2003.04.19"]
[Round "6"]
[White "Holderer, Erich"]
[Black "Nowik, Volker"]
[Result "1/2-1/2"]
[WhiteElo "2235"]
[BlackElo "2181"]
[PlyCount "95"]
[EventDate "2003.04.16"]
[EventType "swiss"]
[EventRounds "9"]
[EventCountry "GER"]
[SourceTitle "CBM 093 Extra"]
[Source "ChessBase"]
[SourceDate "2003.05.09"]
[SourceVersion "1"]
[SourceVersionDate "2003.05.09"]
[SourceQuality "1"]

1. d4 Nf6 2. c4 g6 3. Nc3 Bg7 4. e4 d6 5. Bg5 0-0 6. Qd2 Re8 7. Be2 Na6 8. h4 e5 9. d5 Nc5 10. h5 Ncxe4 11. Nxe4 Nxe4 12. Bxd8 Nxd2 13. Bxc7 Ne4 14. hxg6 hxg6 15. Rh4 Re7 16. Bd8 Rd7 17. Ba5 f5 18. f3 Ng3 19. Bd1 b6 20. Bb4 Bf6 21. Rh3 Nh5 22. Ne2 a5 23. Bc3 Rc7 24. b3 f4 25. Rh2 Bf5 26. a4 Re8 27. Kd2 Bg5 28. Bc2 Rf8 29. Bxf5 Rxf5 30. Rah1 Bf6 31. Kd3 Bg7 32. Be1 Nf6 33. Nc3 Nd7 34. Bf2 Nc5+ 35. Bxc5 bxc5 36. Rh4 Rb7 37. Kc2 Rf8 38. Ne4 Rfb8 39. Rb1 Bf8 40. Rg4 Kg7 41. Ng5 Be7 42. Ne6+ Kf7 43. Rh1 Rxb3 44. Rh7+ Kf6 45. Nxf4 exf4 46. Rxf4+ Kg5 47. Rg4+ Kf6 48. Rf4+ 1/2-1/2

[Event "Werther Schloss op-A 9th"]
[Site "Werther"]
[Date "2003.04.13"]
[Round "4"]
[White "Nowik, Volker"]
[Black "Schuh, Dirk"]
[Result "1-0"]
[WhiteElo "2181"]
[BlackElo "2320"]
[PlyCount "57"]
[EventDate "2003.04.11"]
[EventType "swiss"]
[EventRounds "5"]
[EventCountry "GER"]
[SourceTitle "CBM 093 Extra"]
[Source "ChessBase"]
[SourceDate "2003.05.09"]
[SourceVersion "1"]
[SourceVersionDate "2003.05.09"]
[SourceQuality "1"]

1. e4 e6 2. d3 d5 3. Nd2 Nf6 4. Ngf3 Bc5 5. Be2 0-0 6. 0-0 b6 7. e5 Nfd7 8. d4 Be7 9. Re1 c5 10. c3 a5 11. Bd3 Ba6 12. Bb1 b5 13. Nf1 Nc6 14. a3 cxd4 15. cxd4 Rc8 16. Qd3 g6 17. Bh6 Re8 18. Ng3 Nb6 19. Qe3 Nc4 20. Qf4 Nxb2 21. Nh5 Nc4 22. Bg7 Nb6 23. Qh6 Nd7 24. h4 a4 25. Ng5 Bxg5 26. hxg5 Re7 27. Nf6+ Nxf6 28. gxf6 Rcc7 29. Re3 1-0

[Event "Werther Schloss op-A 9th"]
[Site "Werther"]
[Date "2003.04.12"]
[Round "2"]
[White "Nowik, Volker"]
[Black "Seger, Ruediger"]
[Result "0-1"]
[WhiteElo "2181"]
[BlackElo "2456"]
[PlyCount "56"]
[EventDate "2003.04.11"]
[EventType "swiss"]
[EventRounds "5"]
[EventCountry "GER"]
[SourceTitle "CBM 093 Extra"]
[Source "ChessBase"]
[SourceDate "2003.05.09"]
[SourceVersion "1"]
[SourceVersionDate "2003.05.09"]
[SourceQuality "1"]

1. Nf3 Nf6 2. g3 g6 3. Bg2 Bg7 4. 0-0 0-0 5. d3 c5 6. Nbd2 Nc6 7. e4 d6 8. a4 e5 9. Nc4 h6 10. Nfd2 Rb8 11. c3 d5 12. exd5 Nxd5 13. Re1 b6 14. Nf3 Re8 15. d4 cxd4 16. cxd4 exd4 17. Rxe8+ Qxe8 18. Nxd4 Nxd4 19. Bxd5 Be6 20. Bxe6 Qxe6 21. Nd2 Rc8 22. Kg2 Nc2 23. Rb1 Qd5+ 24. Kg1 Nd4 25. Qf1 Re8 26. h3 Ne2+ 27. Kh2 Nxc1 28. Qxc1 Re2 0-1

[Event "Werther Schloss op-A 9th"]
[Site "Werther"]
[Date "2003.04.11"]
[Round "1"]
[White "Herholz, Holger"]
[Black "Nowik, Volker"]
[Result "0-1"]
[WhiteElo "1971"]
[BlackElo "2181"]
[PlyCount "110"]
[EventDate "2003.04.11"]
[EventType "swiss"]
[EventRounds "5"]
[EventCountry "GER"]
[SourceTitle "CBM 093 Extra"]
[Source "ChessBase"]
[SourceDate "2003.05.09"]
[SourceVersion "1"]
[SourceVersionDate "2003.05.09"]
[SourceQuality "1"]

1. d4 g6 2. c4 Bg7 3. Nc3 d6 4. Nf3 Nf6 5. e4 0-0 6. Be2 e5 7. d5 a5 8. 0-0 Na6 9. Qc2 h6 10. a3 Bd7 11. Bd2 a4 12. h3 Nc5 13. Be3 b6 14. Nd2 Nh7 15. f4 f5 16. fxe5 Bxe5 17. Bxh6 Bd4+ 18. Kh1 Rf7 19. Nf3 Bxc3 20. bxc3 Nxe4 21. Kh2 Qf6 22. Bd2 Re8 23. Rae1 Rfe7 24. Bd3 Qg7 25. Nd4 Nhf6 26. Qc1 Nh5 27. Bxe4 Rxe4 28. Rxe4 Rxe4 29. Kg1 Ng3 30. Re1 g5 31. Rxe4 Nxe4 32. Qd1 Qg6 33. Be1 f4 34. Qf3 Nc5 35. Qe2 Kf8 36. Qc2 Qxc2 37. Nxc2 Nd3 38. h4 Bg4 39. Bf2 Ne5 40. hxg5 Nxc4 41. Bh4 Bd1 42. Nd4 Nxa3 43. Ne6+ Ke8 44. Nxf4 Nc4 45. Nd3 a3 46. Nc1 Ne3 47. g6 Nxd5 48. Bd8 b5 49. Kf2 c5 50. Ke1 Bc2 51. Kd2 Bxg6 52. Bh4 Kf7 53. Bg3 Ke6 54. Bh2 c4 55. Na2 Bb1 0-1

[Event "NRW-ch"]
[Site "Dortmund"]
[Date "2001.10.13"]
[Round "8"]
[White "Bischof, Detlef"]
[Black "Nowik, Volker"]
[Result "1-0"]
[WhiteElo "2204"]
[BlackElo "2037"]
[PlyCount "138"]
[EventDate "2001.10.06"]
[EventType "tourn"]
[EventRounds "9"]
[EventCountry "GER"]
[SourceTitle "CBM 085 Extra"]
[Source "ChessBase"]
[SourceDate "2002.01.21"]
[SourceVersion "1"]
[SourceVersionDate "2002.01.21"]
[SourceQuality "1"]

1. d4 g6 2. c4 Bg7 3. Nc3 c5 4. d5 Bxc3+ 5. bxc3 Qa5 6. Qc2 f5 7. Nf3 Nf6 8. Bh6 Rg8 9. e3 d6 10. Bd3 Nbd7 11. h3 Nb6 12. 0-0 Bd7 13. Bg5 0-0-0 14. Rfc1 Rde8 15. a4 Kc7 16. Nd2 Nxa4 17. Ra3 a6 18. Nb3 Qb6 19. Qa2 Ne4 20. Bxe4 fxe4 21. Rxa4 Bxa4 22. Qxa4 e6 23. dxe6 Rxe6 24. Rb1 Rb8 25. Bf4 Qc6 26. Qa5+ Kc8 27. Nd2 b5 28. cxb5 Rxb5 29. Qa2 d5 30. Rxb5 axb5 31. Qa7 c4 32. Qb8+ Kd7 33. Bg5 Qb6 34. Qf8 Qd6 35. Qf7+ Kc6 36. Bf4 Qd7 37. Qf8 Re8 38. Qf6+ Qe6 39. Qg7 Qe7 40. Qd4 Ra8 41. f3 g5 42. Be5 Re8 43. Bf6 Qc5 44. Kf2 Qxd4 45. Bxd4 h5 46. f4 gxf4 47. exf4 b4 48. cxb4 Kb5 49. Nf1 Kxb4 50. Ne3 Kb3 51. g4 hxg4 52. hxg4 c3 53. f5 c2 54. Nxc2 Kxc2 55. Ke3 Rg8 56. Kf4 Kd3 57. Bb6 d4 58. g5 e3 59. f6 e2 60. Ba5 Re8 61. Be1 Rf8 62. Kf3 Rf7 63. Ba5 Ra7 64. Be1 Rf7 65. Ba5 Ra7 66. Bb4 Rb7 67. Be1 Rb1 68. Bh4 e1Q 69. Bxe1 Rxe1 1-0

[Event "NRW-ch"]
[Site "Dortmund"]
[Date "2001.10.12"]
[Round "7"]
[White "Nowik, Volker"]
[Black "Seger, Ruediger"]
[Result "0-1"]
[WhiteElo "2037"]
[BlackElo "2408"]
[PlyCount "88"]
[EventDate "2001.10.06"]
[EventType "tourn"]
[EventRounds "9"]
[EventCountry "GER"]
[SourceTitle "CBM 085 Extra"]
[Source "ChessBase"]
[SourceDate "2002.01.21"]
[SourceVersion "1"]
[SourceVersionDate "2002.01.21"]
[SourceQuality "1"]

1. Nf3 Nf6 2. g3 g6 3. Bg2 Bg7 4. 0-0 0-0 5. d3 c5 6. e4 Nc6 7. Nbd2 d6 8. Re1 e5 9. c3 h6 10. d4 exd4 11. cxd4 Bg4 12. h3 Bxf3 13. Nxf3 Nd7 14. d5 Nce5 15. Nxe5 Nxe5 16. Qe2 c4 17. Rb1 Rc8 18. Rd1 b5 19. Be3 a6 20. Qd2 h5 21. Bd4 h4 22. Qc3 hxg3 23. Qxg3 Re8 24. h4 Nd3 25. Bxg7 Kxg7 26. Rf1 Rh8 27. Bh3 Rc7 28. h5 Rxh5 29. Bg4 Rh4 30. f4 Qf6 31. Bf5 Rh7 32. Kg2 Re7 33. Rh1 Rxh1 34. Rxh1 Qxb2+ 35. Kf3 Qf2+ 36. Qxf2 Nxf2 37. Kxf2 gxf5 38. exf5 Re4 39. Kf3 Rd4 40. Rh5 c3 41. Ke3 c2 42. f6+ Kxf6 43. Kxd4 c1Q 44. Rh6+ Ke7 0-1

[Event "Niederrhein-ch"]
[Site "Niederrhein"]
[Date "2001.04.13"]
[Round "8"]
[White "Strater, Heinz"]
[Black "Nowik, Volker"]
[Result "0-1"]
[WhiteElo "1876"]
[BlackElo "2104"]
[PlyCount "98"]
[EventDate "2001.04.06"]
[EventType "swiss"]
[EventRounds "9"]
[EventCountry "GER"]
[SourceTitle "EXT 2006"]
[Source "ChessBase"]
[SourceDate "2005.11.24"]
[SourceVersion "1"]
[SourceVersionDate "2005.11.24"]
[SourceQuality "1"]

1. e4 g6 2. d4 Bg7 3. c4 d6 4. Nc3 Nf6 5. f4 0-0 6. Nf3 c5 7. Be2 Bg4 8. Be3 Qa5 9. 0-0 Nc6 10. d5 Bxf3 11. Bxf3 Nd4 12. Bxd4 cxd4 13. Ne2 Nd7 14. Kh1 Qb6 15. Qd2 a5 16. Rad1 a4 17. Nxd4 Rfc8 18. Be2 Nc5 19. Qc2 Na6 20. Qd2 Nc5 21. Qc2 Ra5 22. Nb5 Na6 23. Qd2 Nc5 24. Qe3 Bxb2 25. e5 a3 26. exd6 exd6 27. f5 Qd8 28. fxg6 hxg6 29. Bg4 f5 30. Bxf5 gxf5 31. Qg3+ Bg7 32. Nxd6 Ne4 33. Nxe4 fxe4 34. Qg4 Qe8 35. Rd4 Rc7 36. Rxe4 Re7 37. Rfe1 Rxe4 38. Rxe4 Qf7 39. Qc8+ Kh7 40. Qh3+ Kg8 41. Qe6 Qxe6 42. Rxe6 Rc5 43. h3 Rxc4 44. Re3 Rc3 45. Re7 b5 46. d6 Rc1+ 47. Kh2 Bf8 48. Re2 Bxd6+ 49. g3 Rb1 0-1